00529nam a2200181Ia 450000500170000000800410001708200130005824500480007126000410011930000130016065000100017365000140018365000100019770000200020794200060022795200990023399900150033220250323172244.0240331s9999 xx 000 0 und d bPUTa894 0aPuthiya dharisanangal :bkalaiyum arasialum aCoimbatorebVijaya Pathippagamc1994 a339 p ., aKalai aArashiyal aNaval aGnani, K. eedt cL 001040708LaWERCLbWERCLcSSCd2024-03-31l0o 894.811 PUTp2593r2024-03-31w2024-03-31yL c4132d4132